00751nam a2200217Ii 45000010005000000030009000050080041000140400033000550410008000880820013000961100054001092450037001632640041002003000012002413360026002533370028002793380027003079400050003349990017003849520132004014532CO-ViMGA241108s9999||||xx |||||||||||||| ||und|| aCO-ViMGAbspaerdacCO-ViMGA0 aspa04a610 F9791 aFundación comunidades colombianas Funcol95285110aMedicina Shamanismo y botánica 1aBogotá, Colombia : Presencia, 1983 avolumen atextbtxt2rdacontent aunmediatedbn2rdamedia avolumebnc2rdacarrier aidficha_siabuc: 4420. -- ficha_no_siabuc:4532 c47830d47830 001040708001aMEVIGERRbMEVIGERRcGENd2006-11-27o610 F979pECA3443r2024-11-26 09:37:39tEj.1w2024-11-26yBKz4420 | 6450